01055 2200349 4500001002100000005001500021035002000036007000300056008004100059020002200100040002200122082001200144084001400156090001800170090002200188100002700210245012800237250003500365300003000400650001900430700003100449850001200480041000800492504002900500264003600529336002100565337003000586338002300616999002200639990002200661990002200683INLIS00000000084922620200729024608 a0010-0719000227ta190705 2015 yoi g eng d a978-602-401-254-0 aYOPDYOGbinderda04223a420 a420 AGU i aDEP 420 AGU i aCB-D.11 2015-28980 aAgus Abdullahepenulis10aInstant vocabulary builder :bvocabulary exercises for intermediate and advanced level of english learners /cAgus Abdullah aEdisi Pertama, Cetakan Pertama axiv, 414 halaman ;c20 cm 4aBahasa Inggris0 aTeguh Setiawanepenyunting aYOPDYOG0 aeng aBibliografi: halaman 41331aYogyakarta :bDeepublish,c2015 2rdacontentateks 2rdamediaatanpa perantara 2rdacarrieravolume aCB-D.11/2015-2898 aCB-D.11/2015-2898 aCB-D.11/2015-2898